Infancia y educación artística
Furkejuvvon:
| Váldodahkki: | |
|---|---|
| Materiálatiipa: | Girji |
| Giella: | espánnjágiella |
| Almmustuhtton: |
Madrid
Morata
1991
|
| Preanttus: | 1a. ed |
| Ráidu: | Colección Pedagogía: Educación Infantil y Primaria
|
| Fáttát: | |
| Fáddágilkorat: |
Lasit fáddágilkoriid
Eai fáddágilkorat, Lasit vuosttaš fáddágilkora!
|
MARC
| LEADER | 00000nam a2200000 a 4500 | ||
|---|---|---|---|
| 001 | UCG3571 | ||
| 003 | CL-VaPUC | ||
| 008 | 100902e19910000sp |||||||||||||||||spa|d | ||
| 020 | |a 847112355X | ||
| 082 | 0 | 4 | |a 372.5 |b HAR |2 21 |
| 100 | |a Hargreaves, David J |e author |9 552811 | ||
| 245 | 1 | 0 | |a Infancia y educación artística |
| 250 | |a 1a. ed | ||
| 300 | |a 203 p | ||
| 942 | |c BK | ||
| 945 | |d 20100902 00:00:00 |a mfarfan | ||
| 260 | |a Madrid |b Morata |c 1991 | ||
| 650 | 0 | |a Educación artística |9 269035 | |
| 650 | 0 | |a Métodos de enseñanza |9 270413 | |
| 650 | 0 | |a Educación básica |9 224933 | |
| 650 | 0 | |a Creatividad |9 310816 | |
| 650 | 0 | |a Artes visuales |9 336870 | |
| 583 | |a last modification |c 20170726 05:19:45 |k Rodrigo Vera | ||
| 490 | 0 | |a Colección Pedagogía: Educación Infantil y Primaria | |
| 999 | |c 342625 |d 342623 | ||
| 952 | |0 0 |1 0 |4 0 |6 372_500000000000000_HAR_1991 |7 0 |8 A |9 439005 |a BIBEDU |b BIBEDU |d 2019-11-22 |i 4716205 |o 372.5 HAR 1991 |p 4716205 |r 2019-11-22 |w 2019-11-22 |y BK |k PAR | ||
| 952 | |0 0 |1 0 |4 0 |6 372_500000000000000_HAR_1991 |7 0 |8 A |9 439006 |a BIBEDU |b BIBEDU |d 2019-11-22 |i 4716213 |o 372.5 HAR 1991 |p 4716213 |r 2019-11-22 |w 2019-11-22 |y BK |k PAR | ||
| 952 | |0 0 |1 0 |4 0 |6 372_500000000000000_HAR_1991 |7 0 |8 A |9 439007 |a BIBEDU |b BIBEDU |d 2019-11-22 |i 4716221 |o 372.5 HAR 1991 |p 4716221 |r 2019-11-22 |w 2019-11-22 |y BK |k PAR | ||